[Event "Moscow Open 2009 B"]
[Site "www.moscowchessopen.ru"]
[Date "2009.02.06"]
[Round "7.93"]
[White "Semenov, Viktor"]
[Black "Khitrov, Denis"]
[Result "1/2-1/2"]
[WhiteElo "2126"]
[BlackElo "1400"]
[Annotator ""]
[Source ""]
[Remark ""]

1.Nf3 d5 2.c4 e6 3.b3 Nf6 4.Bb2 c6 5.g3 Bc5 6.Bg2 Nbd7 7.O-O
O-O 8.d4 Bd6 9.Ne5 Qc7 10.Nxd7 Bxd7 11.Nd2 Rad8 12.c5 Be7 13.Nf3
Ne4 14.Ne5 f6 15.Nxd7 Qxd7 16.Qc2 f5 17.b4 Qe8 18.a4 Qg6 19.b5
f4 20.f3 Ng5 21.Qxg6 hxg6 22.gxf4 Rxf4 23.e3 Rh4 24.Bc3 e5 25.Be1
Rh5 26.f4 exf4 27.Rxf4 Bf6 28.Bg3 Re8 29.Re1 Nf7 30.Rff1 Nh6
31.Bf3 Rf5 32.Kg2 Nf7 33.Bg4 Rxf1 34.Kxf1 Nd8 1/2-1/2

[Event "Moscow Open 2009 B"]
[Site "www.moscowchessopen.ru"]
[Date "2009.02.06"]
[Round "7.94"]
[White "Tangatarov, Timur"]
[Black "Korovin, Alexander"]
[Result "1/2-1/2"]
[WhiteElo "2121"]
[BlackElo "1400"]
[Annotator ""]
[Source ""]
[Remark ""]

1.e4 e5 2.Nf3 Nc6 3.Bb5 Nd4 4.Nxd4 exd4 5.O-O Bc5 6.d3 c6 7.Bc4
d5 8.exd5 cxd5 9.Bb3 a5 10.Qh5 Be6 11.Ba4+ Kf8 12.Re1 Qb6 13.a3
Nf6 14.Qe2 Qa6 15.Bg5 b5 16.Bxf6 gxf6 17.Bb3 a4 18.Ba2 h5 19.Qf3
Qc6 20.Qxf6 Rg8 21.Qh6+ Ke7 22.Qxh5 Kd7 23.Nd2 Rh8 24.Qf3 Rag8
25.Nf1 Rg5 26.Ng3 Rh4 27.Rac1 b4 28.axb4 Bxb4 29.c3 dxc3 30.bxc3
Ba5 31.Re2 Bc7 32.d4 Rg7 33.Rce1 Rgh7 34.h3 Rf4 35.Qe3 Qd6 36.c4
Re4 37.c5 Rxe3 38.cxd6 Rxe2 39.Nxe2 Bxd6 40.Rb1 Rh8 41.Nc3 a3
42.Nxd5 Bxd5 43.Bxd5 f6 44.Rb7+ Kc8 45.Ra7 Rh5 46.Bf7 Rh4 47.g3
Rxd4 48.Ra5 Rd2 49.h4 Kc7 50.h5 Bb4 51.Rb5 Bf8 52.Kg2 1/2-1/2

[Event "Moscow Open 2009 B"]
[Site "www.moscowchessopen.ru"]
[Date "2009.02.06"]
[Round "7.95"]
[White "Gabdrakipov, Ilshat"]
[Black "Dudkin, Maxim"]
[Result "1-0"]
[WhiteElo "1400"]
[BlackElo "2104"]
[Annotator ""]
[Source ""]
[Remark ""]

1.e4 c6 2.d4 d5 3.Nd2 dxe4 4.Nxe4 Nf6 5.Nxf6+ gxf6 6.c3 Bf5 7.Ne2
h5 8.Ng3 Bg4 9.Qb3 Qb6 10.h4 Nd7 11.Be3 Qc7 12.Bc4 e6 13.Ne2
Bd6 14.O-O-O Bf5 15.g3 a5 16.Bd3 Bg4 17.Rde1 O-O-O 18.Kb1 Bf3
19.Rhg1 Nb6 20.c4 Bb4 21.Nc3 e5 22.Bf5+ Kb8 23.a3 exd4 24.axb4
dxe3 25.Rxe3 axb4 26.Qxb4 c5 27.Qb5 Bc6 28.Qxc5 Rhe8 29.Rge1
Nxc4 30.Rxe8 Bxe8 31.Qxc7+ Kxc7 32.Re7+ Kb6 33.b3 Nd2+ 34.Kc2
Nf3 35.Be4 Nd4+ 36.Kb2 Nc6 37.Na4+ Ka7 38.Bxc6 Bxc6 39.Kc3 Rd7
40.Rxd7 Bxd7 41.Nc5 Bf5 42.Kd4 b6 43.Ne4 Bxe4 44.Kxe4 Ka6 45.g4 1-0

[Event "Moscow Open 2009 B"]
[Site "www.moscowchessopen.ru"]
[Date "2009.02.06"]
[Round "7.96"]
[White "Pugachevsky, Valerij"]
[Black "Tappyrov, Maksim"]
[Result "1/2-1/2"]
[WhiteElo "1400"]
[BlackElo "2101"]
[Annotator ""]
[Source ""]
[Remark ""]

1.d4 d5 2.c4 e6 3.Nc3 Nf6 4.cxd5 exd5 5.Bg5 Be7 6.e3 O-O 7.Bd3
c6 8.Qc2 Nbd7 9.Nf3 Re8 10.O-O h6 11.Bf4 Nf8 12.h3 Bd6 13.Ne5
Bxe5 14.Bxe5 Nh5 15.Qe2 Qh4 16.Qf3 Nh7 17.Bxh7+ Kxh7 18.g4 Nf6
19.Qg3 Qxg3+ 20.Bxg3 h5 21.g5 Ng8 22.Kg2 Bf5 23.Rfe1 Kg6 24.h4
f6 25.gxf6 gxf6 26.Ne2 Ne7 27.Nf4+ Kh6 28.f3 Nc8 29.Kf2 Nb6 30.b3
Re7 31.Ke2 Rg8 32.Bf2 Nc8 33.Kd2 Nd6 34.Rg1 Reg7 35.Rxg7 Rxg7
36.Rg1 Rxg1 37.Bxg1 1/2-1/2

[Event "Moscow Open 2009 B"]
[Site "www.moscowchessopen.ru"]
[Date "2009.02.06"]
[Round "7.97"]
[White "Shmatko, Dmitry"]
[Black "Jorov, Boris"]
[Result "1-0"]
[WhiteElo "1400"]
[BlackElo "2099"]
[Annotator ""]
[Source ""]
[Remark ""]

1.e4 c5 2.Nf3 d6 3.d4 cxd4 4.Nxd4 Nf6 5.Nc3 a6 6.f3 e5 7.Nb3
Be7 8.Be3 Be6 9.Qd2 Qc7 10.O-O-O Nbd7 11.g4 Nb6 12.Qf2 Nfd7 13.h4
Rc8 14.Kb1 O-O 15.h5 Nc4 16.Bxc4 Bxc4 17.Nd5 Bxd5 18.Rxd5 b5
19.Rhd1 Rfd8 20.f4 f5 21.fxe5 Nxe5 22.exf5 Nxg4 23.Qe2 Nxe3 24.Qxe3
Qxc2+ 25.Ka1 1-0

[Event "Moscow Open 2009 B"]
[Site "www.moscowchessopen.ru"]
[Date "2009.02.06"]
[Round "7.98"]
[White "Pankratov, Oleg"]
[Black "Birjukov, Sergey"]
[Result "0-1"]
[WhiteElo "1400"]
[BlackElo "2287"]
[Annotator ""]
[Source ""]
[Remark ""]

1.d4 Nf6 2.c4 c6 3.Nf3 d5 4.e3 Bf5 5.Nc3 e6 6.Nh4 Bg4 7.Qb3 Qb6
8.h3 Bh5 9.g4 Bg6 10.Nxg6 hxg6 11.Bg2 Nbd7 12.Bd2 Be7 13.g5 Nh5
14.h4 O-O 15.Qd1 dxc4 16.Bf3 e5 17.Bxh5 gxh5 18.Qxh5 exd4 19.exd4
Qxd4 20.O-O-O Ne5 21.Qe2 Nd3+ 22.Kb1 Bc5 23.Be3 Qe5 24.Qf3 Bxe3
25.fxe3 Rae8 26.Rh3 b5 27.Rd2 Nxb2 28.Kxb2 b4 29.e4 Rb8 30.Kc1
bxc3 31.Qxc3 Qxe4 32.Qc2 Qe5 33.Rc3 Rfe8 34.Rd1 Re7 35.Rf1 Reb7
36.Rcf3 Qa1+ 37.Kd2 Qd4+ 38.Kc1 Rb2 39.Qc3 Rb1+ 40.Kc2 R8b2+ 0-1

[Event "Moscow Open 2009 B"]
[Site "www.moscowchessopen.ru"]
[Date "2009.02.06"]
[Round "7.99"]
[White "Pechnikov, Artiom"]
[Black "Masich, Vladimir"]
[Result "1-0"]
[WhiteElo "2267"]
[BlackElo "2053"]
[Annotator ""]
[Source ""]
[Remark ""]

1.e4 c5 2.Nf3 e6 3.d4 cxd4 4.Nxd4 a6 5.c4 Nf6 6.Nc3 Qc7 7.Bd3
Nc6 8.Nxc6 bxc6 9.O-O Bc5 10.Qe2 Bd4 11.Kh1 d6 12.Bg5 Qa5 13.Bd2
Qc7 14.b4 e5 15.Rab1 O-O 16.Nd1 Bg4 17.f3 Be6 18.Ne3 Nd7 19.a4
c5 20.Nc2 cxb4 21.Nxd4 exd4 22.Bxb4 a5 23.Ba3 Nc5 24.Bxc5 dxc5
25.f4 Bd7 26.e5 Ra6 27.Qc2 Rh6 28.Be4 Kh8 29.Rb7 Qd8 30.g3 Qe8
31.Rfb1 Bxa4 32.Qg2 g6 33.Ra7 f6 34.Ra8 fxe5 35.Rxe8 Rxe8 36.Bc6 1-0

[Event "Moscow Open 2009 B"]
[Site "www.moscowchessopen.ru"]
[Date "2009.02.06"]
[Round "7.100"]
[White "Merezhko, Igor"]
[Black "Gainullin, Yakov"]
[Result "1-0"]
[WhiteElo "2254"]
[BlackElo "2034"]
[Annotator ""]
[Source ""]
[Remark ""]

1.c4 e6 2.b3 d5 3.Bb2 Nf6 4.Nf3 c5 5.g3 b6 6.Bg2 Bb7 7.O-O Nbd7
8.e3 Qc7 9.Qe2 Be7 10.d3 O-O 11.Nbd2 Rad8 12.Rac1 Qb8 13.e4 dxe4
14.dxe4 e5 15.Rfe1 Bd6 16.Nh4 g6 17.Nb1 Nh5 18.Nc3 Ndf6 19.Nd5
Nxd5 20.cxd5 Rde8 21.Nf5 Bc8 22.Nxd6 Qxd6 23.a3 Bd7 24.Qd2 b5
25.Qc3 c4 26.bxc4 bxc4 27.Qxc4 f5 28.Qc7 Qe7 29.exf5 Rxf5 30.Bh3
Rxf2 31.Qxd7 Rxb2 32.Qxe7 Rxe7 33.Rc8+ Kf7 34.d6 Reb7 35.d7 Nxg3
36.d8Q 1-0

[Event "Moscow Open 2009 B"]
[Site "www.moscowchessopen.ru"]
[Date "2009.02.06"]
[Round "7.101"]
[White "Kuznetsov, Kirill"]
[Black "Piskov, Vladimir"]
[Result "0-1"]
[WhiteElo "2245"]
[BlackElo "2030"]
[Annotator ""]
[Source ""]
[Remark ""]

1.e4 g6 2.d4 Bg7 3.Nc3 c6 4.Nf3 d5 5.Be2 Bg4 6.Be3 e6 7.O-O Nd7
8.Qd2 h5 9.Rfe1 Ngf6 10.exd5 cxd5 11.h3 Bxf3 12.Bxf3 O-O 13.g4
hxg4 14.hxg4 Nb6 15.Bh6 Ne4 16.Qf4 Kh7 17.Bxg7 Kxg7 18.b3 Qg5
19.Ne2 Nd2 20.Bg2 Rac8 21.Rac1 Qxf4 22.Nxf4 Rc3 23.Red1 Nf3+
24.Bxf3 Rxf3 25.Nd3 f5 26.Nc5 0-1

[Event "Moscow Open 2009 B"]
[Site "www.moscowchessopen.ru"]
[Date "2009.02.06"]
[Round "7.102"]
[White "Bujakevich, Aleksandr"]
[Black "Potlov, Semen"]
[Result "1-0"]
[WhiteElo "2213"]
[BlackElo "2020"]
[Annotator ""]
[Source ""]
[Remark ""]

1.e4 e6 2.d4 d5 3.Nd2 dxe4 4.Nxe4 Nd7 5.c3 Ngf6 6.Bd3 Nxe4 7.Bxe4
Bd6 8.Nf3 c6 9.O-O Qc7 10.Re1 Nf6 11.Bc2 b6 12.Bb3 Bb7 13.Ne5
O-O-O 14.Nxf7 Bxh2+ 15.Kh1 c5 16.Bxe6+ Kb8 17.Nxd8 Rxd8 18.d5
Bxd5 19.Bxd5 Rxd5 20.Qf3 Bd6 21.Re8+ Nxe8 22.Qxd5 Nf6 23.Qe6
h5 24.Be3 Bf4 25.f3 Bxe3 26.Qxe3 h4 27.Re1 Kc8 28.Qe6+ Qd7 29.Kh2
Qxe6 30.Rxe6 Kd7 31.Re5 Kd6 32.Rg5 Ne8 33.Kh3 Ke6 34.Kxh4 Kf6
35.Kh5 Nd6 1-0

[Event "Moscow Open 2009 B"]
[Site "www.moscowchessopen.ru"]
[Date "2009.02.06"]
[Round "7.103"]
[White "Davydenko, Andrey"]
[Black "Orekhovsky, Vasily"]
[Result "1/2-1/2"]
[WhiteElo "2212"]
[BlackElo "2016"]
[Annotator ""]
[Source ""]
[Remark ""]

1.e4 c5 2.Nf3 d6 3.d4 cxd4 4.Nxd4 Nf6 5.Nc3 a6 6.f3 e5 7.Nb3
Be6 8.Be3 b5 9.Qd2 Be7 10.g4 Nbd7 11.g5 Nh5 12.O-O-O O-O 13.Nd5
Bxd5 14.exd5 Nb6 15.Rg1 Qc7 16.Kb1 g6 17.Nc1 Nc4 18.Bxc4 bxc4
19.Qc3 Rab8 20.Ne2 f5 21.f4 Rfc8 22.Ka1 Bf8 23.Qd2 exf4 24.Bd4
Bg7 25.c3 f3 26.Nf4 Nxf4 27.Qxf4 Re8 28.Qxf3 Re4 29.Bf2 Rbe8
30.Rge1 Qf7 31.Kb1 Rxe1 32.Rxe1 Rxe1+ 33.Bxe1 Qe7 34.Bd2 Qe5
35.h3 Kf7 36.Kc2 Bf8 37.Kd1 1/2-1/2

[Event "Moscow Open 2009 B"]
[Site "www.moscowchessopen.ru"]
[Date "2009.02.06"]
[Round "7.104"]
[White "Valiev, Emil"]
[Black "Savin, Boris"]
[Result "0-1"]
[WhiteElo "2058"]
[BlackElo "2189"]
[Annotator ""]
[Source ""]
[Remark ""]

1.e4 g6 2.d4 Bg7 3.Nc3 d6 4.Nf3 Bg4 5.Be2 Nc6 6.Be3 e5 7.d5 Nce7
8.h3 Bxf3 9.Bxf3 f5 10.exf5 gxf5 11.Bg5 Nf6 12.Bxf6 Bxf6 13.Qe2
O-O 14.O-O e4 15.Nxe4 fxe4 16.Bxe4 Qe8 17.c4 Qf7 18.Rad1 Rae8
19.Qc2 Be5 20.g3 Nf5 21.Kg2 Kh8 22.Bxf5 Qxf5 23.Qxf5 Rxf5 24.Rfe1
Rff8 25.b3 Bc3 26.Rxe8 Rxe8 27.Rc1 Bg7 0-1

[Event "Moscow Open 2009 B"]
[Site "www.moscowchessopen.ru"]
[Date "2009.02.06"]
[Round "7.105"]
[White "Natacheev, Peter"]
[Black "Vashchenko, Jurij"]
[Result "1-0"]
[WhiteElo "2179"]
[BlackElo "2016"]
[Annotator ""]
[Source ""]
[Remark ""]

1.e4 d5 2.exd5 Qxd5 3.Nc3 Qa5 4.d4 Nf6 5.Nf3 Nc6 6.Be2 Bg4 7.h3
Bh5 8.O-O O-O-O 9.g4 Bg6 10.Bd3 e5 11.dxe5 Bxd3 12.cxd3 Nxe5
13.Nxe5 Qxe5 14.Qf3 Bd6 15.Rd1 h6 16.d4 Qh2+ 17.Kf1 a6 18.b4
Rhe8 19.b5 a5 20.Be3 Re6 21.Rac1 Kb8 22.b6 c6 23.d5 cxd5 24.Nxd5
Nxd5 25.Rxd5 Rf6 26.Qg2 Qxg2+ 27.Kxg2 a4 28.Rcd1 1-0

[Event "Moscow Open 2009 B"]
[Site "www.moscowchessopen.ru"]
[Date "2009.02.06"]
[Round "7.106"]
[White "Gvilava, Maya"]
[Black "Pluzhnik, Mikhail"]
[Result "0-1"]
[WhiteElo "2052"]
[BlackElo "2177"]
[Annotator ""]
[Source ""]
[Remark ""]

1.d4 Nf6 2.c4 g6 3.Nc3 Bg7 4.e4 O-O 5.e5 Ne8 6.Be2 d6 7.exd6
Nxd6 8.Nf3 Nf5 9.d5 c6 10.O-O cxd5 11.Nxd5 e6 12.Nf4 Qe7 13.Qc2
Nc6 14.Rd1 Ncd4 15.Nxd4 Nxd4 16.Qe4 Nxe2+ 17.Nxe2 Rd8 18.Re1
Qb4 19.Bg5 f6 20.Be3 e5 21.b3 Bf5 22.Qf3 Rd3 23.a3 Qe7 24.Nc1
Rd7 25.Na2 Rd3 26.Nc1 Rd7 27.Na2 Rd3 28.Nc1 Rd7 29.Ne2 Bc2 30.b4
f5 31.Bc5 Qf7 32.Qc3 Bd3 33.Rac1 b6 34.Be3 f4 35.Bd2 e4 36.Qb3
Bxe2 37.Rxe2 f3 0-1

[Event "Moscow Open 2009 B"]
[Site "www.moscowchessopen.ru"]
[Date "2009.02.06"]
[Round "7.107"]
[White "Leonov, Vladislav"]
[Black "An, Yuriy"]
[Result "1-0"]
[WhiteElo "2176"]
[BlackElo "2014"]
[Annotator ""]
[Source ""]
[Remark ""]

1.e4 c6 2.Nf3 a6 3.d4 d5 4.e5 Bg4 5.Bd3 e6 6.O-O c5 7.dxc5 Bxc5
8.c3 Nc6 9.Bf4 Nge7 10.h3 Bh5 11.Bh2 Bg6 12.Qe2 Bxd3 13.Qxd3
Ng6 14.Nbd2 Qc7 15.Rae1 Be7 16.Kh1 b5 17.a3 O-O 18.Re2 Rfd8 19.Bg3
a5 20.h4 b4 21.axb4 axb4 22.c4 h5 23.cxd5 Rxd5 24.Qe3 Rad8 25.Rc1
Qb7 26.Nc4 Rd1+ 27.Re1 Rxe1+ 28.Rxe1 Rd5 29.Nd6 Qa6 30.Rc1 Bxd6
31.exd6 e5 32.Ng5 f6 33.Qb3 Kh8 34.Nf7+ Kh7 1-0

[Event "Moscow Open 2009 B"]
[Site "www.moscowchessopen.ru"]
[Date "2009.02.06"]
[Round "7.108"]
[White "Nefedov, Sergey"]
[Black "Yudin, Andrey"]
[Result "1-0"]
[WhiteElo "2166"]
[BlackElo "2013"]
[Annotator ""]
[Source ""]
[Remark ""]

1.d4 d5 2.c4 e6 3.Nc3 Be7 4.Nf3 Nf6 5.Bg5 Nbd7 6.e3 c6 7.Qc2
O-O 8.Bd3 dxc4 9.Bxc4 b5 10.Be2 Bb7 11.O-O a6 12.Rfd1 Qb6 13.a4
h6 14.Bh4 Rfe8 15.e4 Bf8 16.Qb3 c5 17.e5 c4 18.Bxc4 bxc4 19.Qxb6
Nxb6 20.exf6 g5 21.Bg3 Bxf3 22.gxf3 Nd5 23.Nxd5 exd5 24.Re1 Bb4
25.Re5 Rad8 26.f4 Bd2 27.f5 Rb8 28.Re7 Bf4 29.Bxf4 gxf4 30.Rae1
Rf8 31.R1e2 f3 32.Rc2 Rb3 33.Re3 Rfb8 34.h4 Rxb2 35.Rxb2 Rxb2
36.Re8+ Kh7 37.Rd8 c3 38.Rc8 c2 39.Kh2 Rb4 40.Rxc2 Rxd4 41.Kg3
Rxa4 42.Rc7 Rb4 43.Rxf7+ Kg8 44.Rd7 Rd4 45.Kxf3 Rxh4 46.Rxd5
Kf7 47.Rd6 Ra4 48.Kg3 a5 49.Ra6 Ra1 50.Kf4 a4 51.Ke5 Re1+ 52.Kf4
Ra1 53.Ra7+ 1-0

[Event "Moscow Open 2009 B"]
[Site "www.moscowchessopen.ru"]
[Date "2009.02.06"]
[Round "7.109"]
[White "Golynsky, Yuri"]
[Black "Tolmachev, Aleksander"]
[Result "1/2-1/2"]
[WhiteElo "2164"]
[BlackElo "2002"]
[Annotator ""]
[Source ""]
[Remark ""]

1.e4 Nf6 2.d3 d5 3.e5 Nfd7 4.Nf3 e6 5.g3 c5 6.Bg2 Nc6 7.Qe2 Qc7
8.Bf4 Ne7 9.g4 Ng6 10.Bg3 h5 11.h3 hxg4 12.hxg4 Rxh1+ 13.Bxh1
Nb8 14.c4 dxc4 15.dxc4 Nc6 16.Nc3 a6 17.O-O-O Bd7 18.Ne4 Be7
19.Nd6+ Kf8 20.Bg2 Rd8 21.Rh1 Kg8 22.Qe3 Qb6 23.Ng5 Ncxe5 24.Bxe5
Bxd6 25.f4 Bc6 26.Bxd6 Rxd6 27.Be4 Bxe4 28.Nxe4 Rd4 29.f5 Ne5
30.b3 Nxg4 31.Qh3 Nh6 32.Rg1 exf5 33.Ng5 Qd6 34.Nf3 Qf4+ 35.Kb2
Rd3 36.Rf1 g6 37.Ka3 Kg7 38.Qg2 b5 39.Qe2 Qe3 40.Qb2+ Kg8 41.Re1
b4+ 42.Ka4 Rd2 43.Qxd2 Qxf3 44.Qxh6 Qc6+ 45.Ka5 Qc7+ 46.Kxa6
Qc6+ 1/2-1/2

[Event "Moscow Open 2009 B"]
[Site "www.moscowchessopen.ru"]
[Date "2009.02.06"]
[Round "7.111"]
[White "Bukhteeva, Viktoria"]
[Black "Grinenko, Viktor"]
[Result "1-0"]
[WhiteElo "2154"]
[BlackElo "1994"]
[Annotator ""]
[Source ""]
[Remark ""]

1.e4 e6 2.d4 d5 3.Nd2 dxe4 4.Nxe4 Bd7 5.Nf3 Bc6 6.Bd3 Nd7 7.O-O
Bxe4 8.Bxe4 c6 9.c4 Ngf6 10.Bc2 Be7 11.Qe2 O-O 12.Rd1 Re8 13.Ne5
Nf8 14.b3 Qc7 15.Bb2 Rad8 16.Rd3 Bd6 17.Rh3 Qa5 18.Bc3 Bb4 19.Bxb4
Qxb4 20.Rd1 Qe7 21.c5 Ng6 22.Bxg6 hxg6 23.Nc4 Nd5 24.Qg4 Nf6
25.Qh4 Nh5 26.Qg4 Nf6 27.Qf3 g5 28.Rg3 g4 29.Qe2 Rd5 30.Ne3 Rd7
31.Nxg4 Nxg4 32.Rxg4 f5 33.Rg3 Rd5 34.Qc4 Qf7 35.Re3 e5 36.Qe2
Red8 37.Rxe5 Rxd4 38.Rxd4 Rxd4 39.h3 Kf8 40.Qe3 Rd8 41.Qf4 Rd5
42.Rxd5 1-0

[Event "Moscow Open 2009 B"]
[Site "www.moscowchessopen.ru"]
[Date "2009.02.06"]
[Round "7.112"]
[White "Stepanov, Igor"]
[Black "Malyshev, Roman"]
[Result "0-1"]
[WhiteElo "2044"]
[BlackElo "2154"]
[Annotator ""]
[Source ""]
[Remark ""]

1.d4 d5 2.Nf3 Nf6 3.Bf4 c5 4.e3 Nc6 5.c3 Qb6 6.b3 cxd4 7.exd4
Bg4 8.Be2 e6 9.O-O Be7 10.h3 Bh5 11.Ne5 Bxe2 12.Qxe2 O-O 13.Nxc6
bxc6 14.Nd2 a5 15.a4 c5 16.Be3 Rfc8 17.Rfc1 Rab8 18.Rab1 h6 19.g3
Bd6 20.Kg2 Qb7 21.f4 Nd7 22.Qg4 Nf6 23.Qe2 Qe7 24.Qa6 Ra8 25.Qe2
cxd4 26.Bxd4 Nd7 27.Nf3 Nc5 28.Nd2 Kh7 29.Bxc5 Bxc5 30.Nf3 Kg8
31.Qd3 Qd6 32.Rd1 Bb6 33.Rbc1 Qc5 34.Qd4 Rab8 35.Qxc5 Bxc5 36.Rb1
Be7 37.Rdc1 Bf6 38.Ne5 Rc7 39.Kf2 Rbc8 40.b4 axb4 41.Rxb4 Be7
42.Rb3 f6 43.Nd3 d4 44.c4 Rxc4 45.Rxc4 Rxc4 46.Rb7 Kf8 47.Rb8+
Kf7 48.a5 Ra4 49.Ra8 Ra3 50.Ke2 Bd6 51.a6 e5 52.f5 e4 53.Ra7+
Ke8 54.Ra8+ Kd7 55.Nf4 Ra2+ 56.Kd1 Bxf4 57.gxf4 d3 58.a7 e3 59.Kc1
d2+ 60.Kd1 Ra1+ 0-1

[Event "Moscow Open 2009 B"]
[Site "www.moscowchessopen.ru"]
[Date "2009.02.06"]
[Round "7.113"]
[White "Uteshev, Arsen"]
[Black "Udodov, Yuri"]
[Result "1-0"]
[WhiteElo "2141"]
[BlackElo "1986"]
[Annotator ""]
[Source ""]
[Remark ""]

1.d4 f5 2.g3 g6 3.Bg2 Bg7 4.Nf3 Nf6 5.O-O O-O 6.b3 d6 7.Bb2 Qe8
8.Nbd2 c6 9.c4 e5 10.dxe5 Ng4 11.e4 Nxe5 12.Nxe5 dxe5 13.exf5
gxf5 14.Re1 Nd7 15.Qc2 Qf7 16.Rad1 Re8 17.Nf3 e4 18.Ng5 Qg6 19.Bxg7
Qxg7 20.Nh3 Ne5 21.Nf4 Qc7 22.c5 Bd7 23.Nh5 Re7 24.Qd2 Rae8 25.Nf6+
Kh8 26.Nxe8 Bxe8 27.Qh6 Nf7 28.Rd6 Bd7 29.Red1 b6 30.Qh5 Kg8
31.Bxe4 bxc5 32.Bg2 c4 33.bxc4 1-0

[Event "Moscow Open 2009 B"]
[Site "www.moscowchessopen.ru"]
[Date "2009.02.06"]
[Round "7.114"]
[White "Subbotin, Andrey"]
[Black "Litvinov, Viktor"]
[Result "0-1"]
[WhiteElo "2043"]
[BlackElo "2125"]
[Annotator ""]
[Source ""]
[Remark ""]

1.Nf3 c5 2.g3 g6 3.Bg2 Bg7 4.O-O Nc6 5.e4 Nf6 6.d3 d5 7.Nbd2
O-O 8.Re1 e6 9.c3 a5 10.h3 d4 11.c4 a4 12.Nf1 e5 13.N3h2 Bd7
14.Ng4 Nxg4 15.hxg4 Nb4 16.f4 b5 17.a3 Na6 18.f5 bxc4 19.dxc4
Rb8 20.Qc2 Rb3 21.Rd1 Nb8 22.Rd3 Rxd3 23.Qxd3 Nc6 24.Bd2 Na5
25.Bxa5 Qxa5 26.g5 f6 27.gxf6 Rxf6 28.Bf3 gxf5 29.exf5 Bxf5 30.Be4
Bxe4 31.Qxe4 Qb6 32.Rc1 Kh8 33.Rc2 Rf8 34.Rh2 h6 35.Rf2 Rxf2
36.Kxf2 Qxb2+ 37.Kg1 Qb6 38.Qa8+ Kh7 39.Qe4+ Qg6 40.Nd2 h5 41.Kf2
Qxe4 42.Nxe4 0-1

[Event "Moscow Open 2009 B"]
[Site "www.moscowchessopen.ru"]
[Date "2009.02.06"]
[Round "7.115"]
[White "Bereznev, Andrey"]
[Black "Kuzanov, Artem"]
[Result "1-0"]
[WhiteElo "2122"]
[BlackElo "1969"]
[Annotator ""]
[Source ""]
[Remark ""]

1.d4 Nf6 2.c4 e5 3.dxe5 Ng4 4.Bf4 Nc6 5.Nf3 Bb4+ 6.Nbd2 Qe7 7.e3
Bxd2+ 8.Qxd2 Ncxe5 9.Nxe5 Nxe5 10.Be2 O-O 11.O-O d6 12.h3 Rb8
13.Rac1 b6 14.Rfd1 Bb7 15.b4 Nd7 16.Bf1 f5 17.a3 h6 {запись неясна} 1-0

[Event "Moscow Open 2009 B"]
[Site "www.moscowchessopen.ru"]
[Date "2009.02.06"]
[Round "7.116"]
[White "Adamson, Garry"]
[Black "Khatnikov, Alexander"]
[Result "1-0"]
[WhiteElo "2115"]
[BlackElo "1958"]
[Annotator ""]
[Source ""]
[Remark ""]

1.d4 Nf6 2.c4 g6 3.f3 Bg7 4.e4 d6 5.Nc3 Nc6 6.d5 Nb8 7.Be3 c6
8.Qd2 O-O 9.O-O-O cxd5 10.exd5 Nbd7 11.Bd4 a6 12.g4 Qc7 13.Kb1
Ne5 14.Na4 Ned7 15.Rc1 Nc5 16.Nc3 Bd7 17.Bd3 Qa5 18.Nge2 b5 19.Bxc5
dxc5 20.Ne4 Qb6 21.g5 Nxe4 22.fxe4 Rfb8 23.Rc2 bxc4 24.Bxc4 Ba4
25.b3 Bb5 26.Qd3 a5 27.Bxb5 Qxb5 28.Qxb5 Rxb5 29.Rhc1 a4 30.Rxc5
axb3 31.Rc8+ Rxc8 32.Rxc8+ Bf8 33.a4 Rb6 34.Kb2 e6 35.Nc3 exd5
36.Nxd5 Rb7 37.Ra8 Kg7 38.Nf6 Rb6 39.Rxf8 Kxf8 40.Nd7+ 1-0

[Event "Moscow Open 2009 B"]
[Site "www.moscowchessopen.ru"]
[Date "2009.02.06"]
[Round "7.117"]
[White "Pylaev, Evgenij"]
[Black "Gaponenko, Leonid"]
[Result "1-0"]
[WhiteElo "2032"]
[BlackElo "2115"]
[Annotator ""]
[Source ""]
[Remark ""]

1.e4 c5 2.b3 Nf6 3.e5 Nd5 4.Bb2 e6 5.Nf3 Be7 6.d4 cxd4 7.Qxd4
O-O 8.Bc4 Nc6 9.Qe4 f5 10.Qe2 Nf4 11.Qf1 Qa5+ 12.Nbd2 Nb4 13.Kd1
a6 14.g3 Ng6 15.a3 Nc6 16.Qe2 b5 17.Bd3 Bb7 18.h4 Qc7 19.Rg1
Rac8 20.h5 Nh8 21.g4 fxg4 22.Qe4 Rf5 23.Qxg4 Rf7 24.Ne4 h6 25.Nf6+
Kf8 26.Nh4 Nxe5 27.Bxe5 Qxe5 28.Nxd7+ Ke8 29.Nxe5 Bxh4 30.Qxh4
Re7 1-0

[Event "Moscow Open 2009 B"]
[Site "www.moscowchessopen.ru"]
[Date "2009.02.06"]
[Round "7.118"]
[White "Artjushin, Viktor"]
[Black "Zhukovsky, Viacheslav"]
[Result "0-1"]
[WhiteElo "2010"]
[BlackElo "2115"]
[Annotator ""]
[Source ""]
[Remark ""]

1.e4 e6 2.d4 d5 3.e5 c5 4.c3 Bd7 5.Nf3 Qb6 6.a4 cxd4 7.cxd4 Bb4+
8.Nc3 Nc6 9.Be2 Nge7 10.O-O Nf5 11.Be3 a6 12.g4 Nfe7 13.Bd3 h6
14.h4 O-O-O 15.Ne2 f6 16.Rc1 Kb8 17.h5 Rhf8 18.Bb1 Qa5 19.Kg2
fxe5 20.Nxe5 Nxe5 21.dxe5 Rc8 22.Rxc8+ Rxc8 23.b3 Bc5 24.Bxc5
Qxc5 25.Qd2 Nc6 26.f4 Ka8 27.Rf3 Qb6 28.Bc2 Qc5 29.Bd1 b6 30.Rc3
Qb4 31.Qc1 Qe4+ 32.Kh2 Kb7 33.Ng3 Qd4 34.Kg2 Qb4 35.Bf3 Nd4 36.Rxc8
Bxc8 37.Bd1 Qe1 38.Nf1 Nxb3 39.Qc2 Nd4 40.Qd2 Qxd2+ 41.Nxd2 Kc6
42.Kf2 Kc5 43.Ke3 Bd7 44.Kd3 b5 45.axb5 axb5 46.Kc3 b4+ 0-1

[Event "Moscow Open 2009 B"]
[Site "www.moscowchessopen.ru"]
[Date "2009.02.06"]
[Round "7.119"]
[White "Kartsev, Sergei"]
[Black "Tobengauz, Pavel"]
[Result "1-0"]
[WhiteElo "2114"]
[BlackElo "1955"]
[Annotator ""]
[Source ""]
[Remark ""]

1.e4 e6 2.d4 b6 3.Bd3 Bb7 4.Nf3 c5 5.c3 Be7 6.O-O Nf6 7.Qe2 Nc6
8.a3 d6 9.Bg5 Nd7 10.Bxe7 Nxe7 11.Nbd2 d5 12.e5 Ng6 13.Qe3 Qc8
14.b4 c4 15.Bc2 a6 16.Ng5 Ndf8 17.f4 Ne7 18.g4 g6 19.Qh3 Qd8
20.Qh6 Nd7 21.f5 gxf5 22.Qg7 Rf8 23.gxf5 exf5 24.Bxf5 Nxe5 25.Nxh7
N7g6 26.Bxg6 Nxg6 27.Rae1+ Kd7 28.Nxf8+ Kc8 29.Nxg6 Qg5+ 30.Kh1 1-0

[Event "Moscow Open 2009 B"]
[Site "www.moscowchessopen.ru"]
[Date "2009.02.06"]
[Round "7.120"]
[White "Elfert, Aleksandr V"]
[Black "Voronkov, Leonid"]
[Result "0-1"]
[WhiteElo "2007"]
[BlackElo "2109"]
[Annotator ""]
[Source ""]
[Remark ""]

1.e4 e6 2.d3 d5 3.Nd2 e5 4.Ngf3 Nc6 5.g3 Nf6 6.Bg2 dxe4 7.dxe4
Bg4 8.h3 Bh5 9.O-O Bc5 10.Qe2 Nd4 11.Qc4 Qe7 12.Nxd4 Bxd4 13.Nb3
Bb6 14.a4 a6 15.a5 Ba7 16.Bg5 c6 17.Rae1 h6 18.Be3 Bxe3 19.Rxe3
Rd8 20.g4 Bg6 21.c3 O-O 22.Rg3 Nh7 23.Nc5 Rfe8 24.Qb4 Ng5 25.h4
Ne6 26.Nxb7 Rd7 27.h5 Bh7 28.Qc4 Rxb7 29.b4 c5 30.Qxa6 cxb4 31.Rb1
Ra7 32.Qb5 bxc3 33.Qxe5 c2 34.Rc1 Ng5 35.Qxe7 Raxe7 36.Rxc2 Bxe4
37.Ra2 Bxg2 38.Kxg2 Ra7 39.f4 Ne6 40.Ra4 Rea8 41.f5 Nc5 42.Rc4
Rxa5 0-1

[Event "Moscow Open 2009 B"]
[Site "www.moscowchessopen.ru"]
[Date "2009.02.06"]
[Round "7.121"]
[White "Smotriakov, Arkady"]
[Black "Lobanov, Igor"]
[Result "0-1"]
[WhiteElo "2101"]
[BlackElo "1948"]
[Annotator ""]
[Source ""]
[Remark ""]

1.c4 e5 2.Nc3 Nc6 3.Nf3 g6 4.d4 exd4 5.Nxd4 Bg7 6.Nc2 Nge7 7.e4
d6 8.Be3 f5 9.Qd2 fxe4 10.Nxe4 Bxb2 11.Rb1 Bg7 12.h4 d5 13.Ng3
dxc4 14.Qxd8+ Nxd8 15.Bxc4 Nf5 16.Rb3 Nxg3 17.fxg3 Nc6 18.Bg5
Bf5 19.Re3+ Kd7 20.O-O Rae8 21.Bd3 Be6 22.Kh2 Rhf8 23.Rd1 Kc8
24.Bb5 Bg4 25.Rde1 Rxe3 26.Rxe3 Bf5 27.Bxc6 bxc6 28.Nb4 Kb7 29.Rb3
c5 30.Nd5+ Kc6 31.Ne7+ Kd7 32.Rb7 Be4 33.Rb3 Bf6 34.Bxf6 Rxf6
35.Ng8 Rf7 36.Re3 Bd5 37.a3 h5 38.Re5 Kd6 39.Rg5 Be4 40.g4 hxg4
41.Rxg4 Bf5 42.Rg3 Rh7 43.Nf6 Rxh4+ 44.Kg1 Ra4 45.Ne8+ Kc6 46.Ng7
Be4 0-1

[Event "Moscow Open 2009 B"]
[Site "www.moscowchessopen.ru"]
[Date "2009.02.06"]
[Round "7.122"]
[White "Ustinov, Alexey"]
[Black "Rossinskaya, Ljudmilla"]
[Result "1-0"]
[WhiteElo "2099"]
[BlackElo "1938"]
[Annotator ""]
[Source ""]
[Remark ""]

1.e4 c5 2.Nf3 d6 3.Bb5+ Bd7 4.Bxd7+ Qxd7 5.O-O e5 6.c3 Nc6 7.d4
Nf6 8.Re1 Be7 9.d5 Nd8 10.b4 b6 11.bxc5 bxc5 12.Nbd2 O-O 13.Nf1
Ne8 14.Ng3 g6 15.Bh6 Ng7 16.Qd2 f6 17.Rab1 Nf7 18.Bxg7 Kxg7 19.Rb2
Rfb8 20.Reb1 Qc7 21.c4 Bd8 22.Ne2 Qc8 23.Ne1 Rb6 24.Nc3 Rxb2
25.Qxb2 Ba5 26.Nc2 Bxc3 27.Qxc3 Rb8 28.Rb3 f5 29.exf5 Rxb3 30.f6+
Kxf6 31.axb3 Qg4 32.h3 Qd1+ 33.Kh2 Ke7 34.Ne3 Qb1 35.Qa5 Qxb3
36.Qxa7+ Kf8 37.Qd7 Qa2 38.Kg3 Qa8 39.Ng4 Qd8 40.Qxd8+ Nxd8 41.Nf6
h6 42.h4 Nf7 43.f3 Ke7 44.Ne4 Kf8 45.h5 Kg7 46.Kg4 Kh7 47.Nf6+
Kg7 48.Ne8+ Kh7 49.g3 e4 50.fxe4 Ne5+ 51.Kf4 Nxc4 52.g4 g5+ 53.Kf5
Ne3+ 54.Ke6 c4 55.e5 Nxd5 56.exd6 Nb6 57.Nf6+ Kg7 58.d7 1-0